Úvahy o světových dějinách / Jacob Burckhardt ; [z německého originálu ... přeložil Jiří Loser]
Record details
- ISBN: 80-7198-149-4
- Physical Description: 263 s. ; 21 cm
- Edition: Vyd. 2., V nakl. Votobia 1.
- Publisher: V Olomouci : Votobia, 1996
Content descriptions
| General Note: | Doslov Jaroslav Marek |
| Bibliography, etc. Note: | Obsahuje bibliografické odkazy a rejstřík |
Search for related items by subject
| Subject: | světové dějiny |
| Genre: | úvahy |
Available copies
- 2 of 2 copies available at Common Catalog SPOK.
Holds
- 0 current holds with 2 total copies.
Show All Copies
| Location | Call Number / Copy Notes | Barcode | Shelving Location | Status | Due Date |
|---|---|---|---|---|---|
| ETS Library | 901 | 424470007107 | Volný výběr | Available | - |
| Jabok Library | FL-3/Bu | 424480005515 | Odborná literatura | Available | - |
| LDR | 01368nam a2200373 a 4500 | ||
|---|---|---|---|
| 001 | 13935 | ||
| 003 | CZ-PrJAB | ||
| 005 | 20191127143238.0 | ||
| 007 | tu | ||
| 008 | 970211s1996 xr e 001 0 cze | ||
| 015 | . | ‡acnb000185103 | |
| 020 | . | ‡a80-7198-149-4 ‡q(brož.) | |
| 035 | . | ‡a(CZ PrNK)cpk19970185103 | |
| 035 | . | ‡a(OCoLC)37250657 | |
| 040 | . | ‡aABA001 ‡bcze | |
| 041 | 1 | . | ‡acze ‡hger |
| 072 | 7. | ‡a94(100) ‡xSvětové dějiny ‡2Konspekt ‡98 | |
| 080 | . | ‡a930.9 ‡2undef | |
| 080 | . | ‡a930.1 ‡2undef | |
| 100 | 1 | . | ‡aBurckhardt, Jacob Christoph, ‡d1818-1897 ‡7jn19990001218 ‡4aut |
| 245 | 1 | 0. | ‡aÚvahy o světových dějinách / ‡cJacob Burckhardt ; [z německého originálu ... přeložil Jiří Loser] |
| 250 | . | ‡aVyd. 2., V nakl. Votobia 1. | |
| 260 | . | ‡aV Olomouci : ‡bVotobia, ‡c1996 | |
| 300 | . | ‡a263 s. ; ‡c21 cm | |
| 500 | . | ‡aDoslov Jaroslav Marek | |
| 504 | . | ‡aObsahuje bibliografické odkazy a rejstřík | |
| 650 | 0 | 7. | ‡asvětové dějiny ‡7ph117271 ‡2czenas |
| 655 | 7. | ‡aúvahy ‡7fd134000 ‡2czenas | |
| 700 | 1 | . | ‡aLoser, Jiří ‡7jk01072437 ‡4trl |
| 700 | 1 | . | ‡aMarek, Jaroslav, ‡d1926-2011 ‡7jn99240000674 ‡4aui |
| 765 | 0 | . | ‡tWeltgeschichtliche Betrachtungen ‡9Česky |
| 910 | . | ‡aABG312 | |
| 995 | . | ‡aska | |
| 901 | . | ‡a13935 ‡bCZ PrNK ‡c13935 ‡tbiblio ‡sets | |